000 00352nam a2200133Ia 4500
008 240624s9999 xx 000 0 und d
041 _aeng
082 _a332.460954 RED
100 _aREDDY C RAMMANOHAR
245 _aDEMONETISATION AND BLACK MONEY
260 _c2017
_aNew Delhi
_bOrient BlackSwan
300 _axxvi, 244 p.; 23 cm.
365 _cRS
_b30
999 _c29650
_d29650